top 20 Biggest Cities in Japan - Statistics

General Stats
  • This quiz has been taken 67 times
  • The average score is 12 of 20
Answer Stats
Hint City % Correct
1 Tokyo
100%
2 Osaka
98%
9 Kyoto
93%
11 Hiroshima
92%
6 Sapporo
90%
4 Nagoya
86%
3 Yokohama
81%
5 Kobe
80%
7 Fukuoka
78%
13 Sendai
66%
8 Kawasaki
56%
14 Kitakyushu
47%
12 Chiba
42%
10 Saitama
42%
17 Niigata
41%
18 Hamamatsu
36%
15 Sakai
24%
20 Shizuoka
20%
19 Sagamihara
19%
16 Setagaya
2%
No matching quizzes found
Score Distribution
Percent of People with Each Score
Percentile by Number Answered
Your Score History
You have not taken this quiz